000 00798nam a2200253 i 4500
001 175894
003 ES-MaACL
005 20251001145247.0
007 t|
008 101129s1931 fr ||||1| fre d
080 _a929 Noailles, Anne Elisabeth de Branvocan, Comtesse de
100 1 _aLarnac, Jean.
_9144108
245 1 0 _aComtesse de Noailles
_b: sa vie, son oeuvre /
_cJean Larnac.
250 _a9e éd.
260 _aParis :
_bÉditions du Sagittaire,
_cimp. 1931.
300 _a259 p. ;
_c19 cm.
490 1 _aLes documentaires
504 _aBibliografía: p. 242-256.
546 _aTexto en francés.
600 0 4 _aNoailles, Anne Elisabeth de Brancovan,
_cComtesse de
_985795
830 0 _aLes documentaires
_9189839
852 _aES-MaACL
_jE-13712
999 _c175894
_d175894